[Event "Open C"]
[Site "Polanica-Zdroj"]
[Date "2017.08.26"]
[Round "8.12"]
[White "Slabek, Grzegorz"]
[Black "Karpinski, Andrzej"]
[Result "1-0"]
[BlackElo "1677"]
[WhiteElo "2000"]
[LiveChessVersion "1.4.8"]

1. Nf3 {[%clk 1:30:57]} d5 {[%clk 1:22:15]} 2. d4 {[%clk 1:29:09]} Nf6
{[%clk 1:18:18]} 3. c4 {[%clk 1:29:17]} e6 {[%clk 1:18:37]} 4. Qb3
{[%clk 1:29:38]} Be7 {[%clk 1:14:26]} 5. Nc3 {[%clk 1:29:59]} O-O
{[%clk 1:13:06]} 6. Bg5 {[%clk 1:28:41]} c6 {[%clk 1:10:16]} 7. e3
{[%clk 1:28:55]} Nbd7 {[%clk 1:09:28]} 8. Bd3 {[%clk 1:28:23]} Re8
{[%clk 1:00:56]} 9. O-O {[%clk 1:27:30]} b6 {[%clk 0:57:08]} 10. cxd5
{[%clk 1:26:21]} exd5 {[%clk 0:54:52]} 11. a4 {[%clk 1:25:00]} a5
{[%clk 0:46:09]} 12. Qc2 {[%clk 1:20:04]} Ba6 {[%clk 0:39:27]} 13. Bxa6
{[%clk 1:20:09]} Rxa6 {[%clk 0:39:51]} 14. Rfc1 {[%clk 1:19:23]} Ra8
{[%clk 0:38:08]} 15. h3 {[%clk 1:17:45]} Rc8 {[%clk 0:35:21]} 16. Qd3
{[%clk 1:17:14]} Ne4 {[%clk 0:31:31]} 17. Bf4 {[%clk 1:16:48]} Bd6
{[%clk 0:28:18]} 18. Bxd6 {[%clk 1:15:18]} Nxd6 {[%clk 0:27:14]} 19. Nd2
{[%clk 1:15:23]} f5 {[%clk 0:23:56]} 20. Rc2 {[%clk 1:10:50]} Nf6
{[%clk 0:21:15]} 21. Rac1 {[%clk 1:10:10]} Qd7 {[%clk 0:17:30]} 22. Qa6
{[%clk 1:09:12]} Qb7 {[%clk 0:16:28]} 23. Qxb7 {[%clk 1:08:25]} Nxb7
{[%clk 0:16:56]} 24. Nb5 {[%clk 1:08:06]} c5 {[%clk 0:12:31]} 25. dxc5
{[%clk 1:08:24]} bxc5 {[%clk 0:10:20]} 26. Nb3 {[%clk 1:07:49]} Nd7
{[%clk 0:09:59]} 27. N3d4 {[%clk 1:00:57]} g6 {[%clk 0:09:56]} 28. Ne2
{[%clk 1:00:58]} Rcd8 {[%clk 0:08:43]} 29. Nc7 {[%clk 1:00:11]} Re5
{[%clk 0:08:37]} 30. f4 {[%clk 0:57:30]} Rxe3 {[%clk 0:08:42]} 31. Nxd5
{[%clk 0:57:55]} Rb3 {[%clk 0:07:13]} 32. Nec3 {[%clk 0:56:12]} Nb6
{[%clk 0:07:00]} 33. Ne7+ {[%clk 0:49:04]} Kf7 {[%clk 0:06:38]} 34. Nc6
{[%clk 0:49:28]} Rc8 {[%clk 0:05:35]} 35. Ne5+ {[%clk 0:49:41]} Kg7
{[%clk 0:05:54]} 36. Rd2 {[%clk 0:49:05]} Rb4 {[%clk 0:05:13]} 37. Rcd1
{[%clk 0:46:30]} Rc7 {[%clk 0:03:16]} 38. Nb5 {[%clk 0:45:06]} Rc8
{[%clk 0:02:53]} 39. Rd7+ {[%clk 0:43:55]} Nxd7 {[%clk 0:03:19]} 40. Rxd7+
{[%clk 0:44:21]} Kg8 {[%clk 0:01:56]} 41. Rxb7 {[%clk 0:44:43]} Rxb2
{[%clk 0:01:19]} 42. Nf7 {[%clk 0:44:27]} c4 {[%clk 0:00:53]} 43. Nh6+
{[%clk 0:43:38]} Kh8 {[%clk 0:00:52]} 44. Re7 {[%clk 0:40:20]} c3
{[%clk 0:00:43]} 45. Nd6 {[%clk 0:40:03]} Rf8 {[%clk 0:00:38]} 46. Rc7
{[%clk 0:40:12]} c2 {[%clk 0:00:46]} 47. Kh2 {[%clk 0:40:19]} Rb4
{[%clk 0:00:32]} 48. Ndf7+ {[%clk 0:39:18]} Rxf7 {[%clk 0:00:39]} 49. Nxf7+
{[%clk 0:39:41]} Kg8 {[%clk 0:00:59]} 50. Nh6+ {[%clk 0:40:04]} Kh8
{[%clk 0:00:52]} 51. Nf7+ {[%clk 0:39:44]} Kg8 {[%clk 0:01:15]} 52. Ne5
{[%clk 0:39:27]} Rxa4 {[%clk 0:00:52]} 53. Rxc2 {[%clk 0:39:44]} Rxf4
{[%clk 0:01:15]} 54. Rc7 {[%clk 0:40:05]} a4 {[%clk 0:01:04]} 55. Ra7
{[%clk 0:40:29]} Re4 {[%clk 0:01:17]} 56. Nf3 {[%clk 0:38:57]} h6
{[%clk 0:00:43]} 57. h4 {[%clk 0:39:06]} Rb4 {[%clk 0:00:40]} 58. Kh3
{[%clk 0:37:39]} Re4 {[%clk 0:00:51]} 59. Kg3 {[%clk 0:37:02]} Rg4+
{[%clk 0:01:12]} 60. Kf2 {[%clk 0:37:18]} Re4 {[%clk 0:01:28]} 61. g3
{[%clk 0:35:04]} Kh8 {[%clk 0:01:16]} 62. Ng1 {[%clk 0:34:29]} Kg8
{[%clk 0:01:32]} 63. Ne2 {[%clk 0:34:47]} Rg4 {[%clk 0:00:46]} 64. Nf4
{[%clk 0:34:12]} g5 65. Nd5 {[%clk 0:33:37]} Kf8 {[%clk 0:00:35]} 66. Ne3
{[%clk 0:32:35]} Rb4 {[%clk 0:00:40]} 67. Nxf5 {[%clk 0:31:45]} gxh4
{[%clk 0:01:08]} 68. Nxh4 {[%clk 0:32:00]} Kg8 {[%clk 0:01:15]} 69. Kf3
{[%clk 0:31:54]} Rc4 {[%clk 0:01:12]} 70. Ng2 {[%clk 0:28:21]} Rb4
{[%clk 0:01:35]} 71. Nf4 {[%clk 0:28:35]} Rb3+ {[%clk 0:01:47]} 72. Kg4
{[%clk 0:28:56]} a3 {[%clk 0:02:07]} 73. Kh4 {[%clk 0:28:50]} Rc3
{[%clk 0:01:52]} 74. g4 {[%clk 0:28:49]} Rf3 {[%clk 0:01:00]} 75. Nd5
{[%clk 0:28:27]} Rb3 {[%clk 0:00:40]} 76. Nf6+ {[%clk 0:27:10]} Kf8
{[%clk 0:01:08]} 77. Kh5 {[%clk 0:27:09]} Rb6 {[%clk 0:00:34]} 78. Kg6
{[%clk 0:27:12]} 1-0

[Event "Open C"]
[Site "Polanica-Zdroj"]
[Date "2017.08.27"]
[Round "9.1"]
[White "Zminda, Bogdan"]
[Black "Darowicki, Mariusz"]
[Result "1/2-1/2"]
[BlackElo "1942"]
[WhiteElo "1957"]
[LiveChessVersion "1.4.8"]

1. e4 {[%clk 1:30:56]} e6 {[%clk 1:30:52]} 2. d4 {[%clk 1:28:35]} d5
{[%clk 1:30:48]} 3. e5 {[%clk 1:27:10]} c5 {[%clk 1:30:43]} 4. Nf3
{[%clk 1:26:37]} Nc6 {[%clk 1:30:11]} 5. dxc5 {[%clk 1:20:49]} Bxc5
{[%clk 1:30:09]} 6. Bd3 {[%clk 1:20:34]} Nge7 {[%clk 1:27:42]} 7. O-O
{[%clk 1:19:31]} Ng6 {[%clk 1:26:18]} 8. Qe2 {[%clk 1:16:40]} Nd4
{[%clk 1:15:23]} 9. Nxd4 {[%clk 1:17:07]} Bxd4 {[%clk 1:15:43]} 10. Bxg6
{[%clk 1:17:28]} hxg6 {[%clk 1:15:51]} 11. c3 {[%clk 1:17:47]} Bb6
{[%clk 1:14:23]} 12. Nd2 {[%clk 1:14:15]} Bd7 {[%clk 1:11:51]} 13. Nf3
{[%clk 1:14:27]} Rh5 {[%clk 1:08:33]} 14. Be3 {[%clk 1:10:07]} Rc8
{[%clk 1:01:48]} 15. Bxb6 {[%clk 1:03:37]} Qxb6 {[%clk 1:01:41]} 16. Nd4
{[%clk 1:04:02]} a6 {[%clk 0:55:36]} 17. Rfe1 {[%clk 0:59:34]} Qc7
{[%clk 0:47:53]} 18. f4 {[%clk 0:57:38]} Qc4 {[%clk 0:46:10]} 19. Qxc4
{[%clk 0:57:57]} Rxc4 {[%clk 0:45:55]} 20. g3 {[%clk 0:55:58]} Ke7
{[%clk 0:44:20]} 21. h4 {[%clk 0:56:21]} Rh8 {[%clk 0:43:27]} 22. Kf2
{[%clk 0:55:52]} a5 {[%clk 0:41:31]} 23. Ke3 {[%clk 0:55:02]} b5 {[%clk 0:39:10]}
24. a3 {[%clk 0:52:02]} Rhc8 {[%clk 0:37:59]} 25. Rec1 {[%clk 0:51:21]} R4c7
{[%clk 0:37:15]} 26. Kd2 {[%clk 0:51:35]} Rb8 {[%clk 0:37:04]} 27. b4
{[%clk 0:51:29]} Ra7 {[%clk 0:36:57]} 28. Nb3 {[%clk 0:51:19]} a4
{[%clk 0:36:07]} 29. Nd4 {[%clk 0:51:30]} Rc7 {[%clk 0:36:16]} 30. Rc2
{[%clk 0:51:44]} Rbc8 {[%clk 0:36:08]} 1/2-1/2

[Event "Open C"]
[Site "Polanica-Zdroj"]
[Date "2017.08.27"]
[Round "9.2"]
[White "Bakalarz, Leszek"]
[Black "Mike, Patryk"]
[Result "0-1"]
[BlackElo "1864"]
[WhiteElo "1972"]
[LiveChessVersion "1.4.8"]

1. e4 {[%clk 1:30:58]} e5 {[%clk 1:30:37]} 2. Nf3 {[%clk 1:31:25]} Nc6
{[%clk 1:30:58]} 3. Bc4 {[%clk 1:31:48]} Bc5 {[%clk 1:30:40]} 4. c3
{[%clk 1:31:18]} d6 {[%clk 1:29:47]} 5. d4 {[%clk 1:31:32]} exd4 {[%clk 1:29:45]}
6. cxd4 {[%clk 1:32:00]} Bb6 {[%clk 1:29:04]} 7. Nc3 {[%clk 1:27:25]} Nf6
{[%clk 1:24:27]} 8. O-O {[%clk 1:26:21]} O-O {[%clk 1:20:34]} 9. Bb3
{[%clk 1:19:44]} Bg4 {[%clk 1:17:40]} 10. Be3 {[%clk 1:19:54]} Re8
{[%clk 1:09:20]} 11. Qd3 {[%clk 1:16:40]} h6 {[%clk 1:04:22]} 12. Nd2
{[%clk 1:13:21]} Bh5 {[%clk 0:59:48]} 13. h3 {[%clk 0:59:02]} Bg6
{[%clk 0:46:02]} 14. f4 {[%clk 0:57:36]} d5 {[%clk 0:46:08]} 15. f5
{[%clk 0:57:45]} dxe4 {[%clk 0:44:49]} 16. Ndxe4 {[%clk 0:56:57]} Bh7
{[%clk 0:42:52]} 17. Rad1 {[%clk 0:54:56]} Nxe4 {[%clk 0:36:58]} 18. Nxe4
{[%clk 0:55:20]} Qe7 {[%clk 0:36:53]} 19. Rf4 {[%clk 0:54:39]} Kh8
{[%clk 0:31:02]} 20. Bf2 {[%clk 0:53:18]} Bxf5 {[%clk 0:29:19]} 21. Rxf5
{[%clk 0:53:31]} Qxe4 {[%clk 0:29:25]} 22. Rxf7 {[%clk 0:48:59]} Qxd3
{[%clk 0:26:32]} 23. Rxd3 {[%clk 0:49:27]} Rf8 {[%clk 0:24:36]} 24. Rd2
{[%clk 0:37:03]} Rad8 {[%clk 0:22:04]} 25. Rxf8+ {[%clk 0:37:09]} Rxf8
{[%clk 0:22:20]} 26. Bd5 {[%clk 0:30:57]} Rd8 {[%clk 0:20:37]} 27. Bxc6
{[%clk 0:30:41]} bxc6 {[%clk 0:20:59]} 28. Rc2 {[%clk 0:31:03]} Rd6
{[%clk 0:17:05]} 29. Rc4 {[%clk 0:28:16]} Kg8 {[%clk 0:17:04]} 30. Kf1
{[%clk 0:25:20]} Kf7 {[%clk 0:17:08]} 31. Ke2 {[%clk 0:25:17]} Ke6
{[%clk 0:16:23]} 32. Rc3 {[%clk 0:17:24]} Kd5 {[%clk 0:14:24]} 33. Rg3
{[%clk 0:17:10]} g5 {[%clk 0:12:43]} 34. Kd3 {[%clk 0:16:51]} c5 {[%clk 0:12:34]}
35. dxc5 {[%clk 0:16:57]} Bxc5 {[%clk 0:12:36]} 36. Bxc5 {[%clk 0:17:01]} Kxc5+
{[%clk 0:12:57]} 37. Kc3 {[%clk 0:17:23]} Rf6 {[%clk 0:12:53]} 38. b4+
{[%clk 0:14:07]} Kb5 {[%clk 0:12:24]} 39. Kb3 {[%clk 0:14:33]} c5
{[%clk 0:11:07]} 40. a4+ {[%clk 0:14:31]} Kb6 {[%clk 0:11:11]} 41. Rg4 cxb4
{[%clk 0:10:00]} 42. Kxb4 {[%clk 0:09:44]} Rf2 {[%clk 0:09:40]} 43. g3
{[%clk 0:07:19]} Rh2 {[%clk 0:07:47]} 44. h4 {[%clk 0:07:32]} gxh4
{[%clk 0:06:23]} 45. gxh4 {[%clk 0:07:43]} h5 {[%clk 0:06:21]} 46. Re4
{[%clk 0:04:12]} Rh1 {[%clk 0:05:15]} 47. a5+ {[%clk 0:01:07]} Ka6
{[%clk 0:04:58]} 48. Re6+ {[%clk 0:01:06]} Kb7 {[%clk 0:05:04]} 0-1

[Event "Open C"]
[Site "Polanica-Zdroj"]
[Date "2017.08.27"]
[Round "9.3"]
[White "Kicinski, Jacek"]
[Black "Slomczewski, Michal"]
[Result "1/2-1/2"]
[BlackElo "1956"]
[WhiteElo "1955"]
[LiveChessVersion "1.4.8"]

1. e4 {[%clk 1:30:13]} c6 {[%clk 1:30:57]} 2. d4 {[%clk 1:30:38]} d5
{[%clk 1:31:23]} 3. Nc3 {[%clk 1:30:03]} dxe4 {[%clk 1:31:48]} 4. Nxe4
{[%clk 1:30:27]} Nf6 {[%clk 1:32:07]} 5. Nxf6+ {[%clk 1:30:38]} gxf6
{[%clk 1:32:32]} 6. c3 {[%clk 1:29:15]} Bf5 {[%clk 1:32:52]} 7. Nf3
{[%clk 1:29:35]} e6 {[%clk 1:33:17]} 8. g3 {[%clk 1:28:42]} Nd7 {[%clk 1:31:50]}
9. Bg2 {[%clk 1:29:07]} Bg7 {[%clk 1:32:13]} 10. O-O {[%clk 1:29:20]} O-O
{[%clk 1:32:39]} 11. Nh4 {[%clk 1:26:41]} Bg6 {[%clk 1:33:00]} 12. Nxg6
{[%clk 1:23:53]} hxg6 {[%clk 1:33:22]} 13. Be3 {[%clk 1:21:31]} Nb6
{[%clk 1:28:35]} 14. Qe2 {[%clk 1:11:16]} Re8 {[%clk 1:21:46]} 15. Rfd1
{[%clk 1:08:17]} f5 {[%clk 1:04:15]} 16. c4 {[%clk 0:53:57]} Qe7 {[%clk 1:04:40]}
17. Qc2 {[%clk 0:43:39]} Rad8 {[%clk 1:03:07]} 18. a4 {[%clk 0:37:59]} e5
{[%clk 0:51:17]} 19. dxe5 {[%clk 0:32:12]} Qxe5 {[%clk 0:49:56]} 20. a5
{[%clk 0:30:27]} Rxd1+ {[%clk 0:47:15]} 21. Rxd1 {[%clk 0:21:29]} Qxa5
{[%clk 0:47:33]} 22. Bxb6 {[%clk 0:21:15]} Qxb6 {[%clk 0:44:22]} 23. b3
{[%clk 0:21:38]} Rd8 {[%clk 0:36:34]} 24. Rxd8+ {[%clk 0:19:39]} Qxd8
{[%clk 0:36:58]} 25. Bf1 {[%clk 0:19:31]} Qd4 {[%clk 0:36:57]} 26. Qd3
{[%clk 0:19:45]} Qxd3 {[%clk 0:37:09]} 27. Bxd3 {[%clk 0:20:09]} Bd4
{[%clk 0:37:29]} 28. h4 {[%clk 0:14:18]} Kg7 {[%clk 0:37:08]} 29. h5
{[%clk 0:13:23]} gxh5 {[%clk 0:37:29]} 30. Bxf5 {[%clk 0:13:45]} Kf6
{[%clk 0:37:49]} 1/2-1/2

[Event "Open C"]
[Site "Polanica-Zdroj"]
[Date "2017.08.27"]
[Round "9.4"]
[White "Butyrowski, Marcel"]
[Black "Litner, Igor"]
[Result "1/2-1/2"]
[BlackElo "1991"]
[WhiteElo "1830"]
[LiveChessVersion "1.4.8"]

1. Nf3 {[%clk 1:30:56]} d5 {[%clk 1:17:53]} 2. c4 {[%clk 1:31:04]} c6
{[%clk 1:13:06]} 3. b3 {[%clk 1:29:32]} Nf6 {[%clk 1:11:10]} 4. Bb2
{[%clk 1:29:30]} Bf5 {[%clk 1:09:56]} 5. Nc3 {[%clk 1:26:47]} e6 {[%clk 1:10:17]}
6. e3 {[%clk 1:25:47]} Bd6 {[%clk 1:09:49]} 7. d4 {[%clk 1:25:29]} O-O
{[%clk 1:09:49]} 8. Bd3 {[%clk 1:24:42]} Be4 {[%clk 1:00:04]} 9. Bxe4
{[%clk 1:15:09]} Nxe4 {[%clk 0:59:52]} 10. Nxe4 {[%clk 1:15:12]} dxe4
{[%clk 1:00:15]} 11. Nd2 {[%clk 1:15:26]} f5 {[%clk 1:00:07]} 12. Qc2
{[%clk 1:12:13]} Nd7 {[%clk 0:59:26]} 13. O-O-O {[%clk 1:11:15]} Nf6
{[%clk 0:59:12]} 14. f3 {[%clk 1:10:57]} Bb4 {[%clk 0:58:53]} 15. Nf1
{[%clk 1:08:10]} a5 {[%clk 0:52:46]} 16. a3 {[%clk 1:04:52]} Bd6 {[%clk 0:49:50]}
17. Nd2 {[%clk 1:04:41]} exf3 {[%clk 0:49:53]} 18. gxf3 {[%clk 1:03:57]} Qe7
{[%clk 0:50:00]} 19. c5 {[%clk 1:01:22]} Bc7 {[%clk 0:50:15]} 20. Nc4
{[%clk 1:01:16]} Rfb8 {[%clk 0:49:58]} 21. e4 {[%clk 1:00:45]} b6
{[%clk 0:39:25]} 22. Rhg1 {[%clk 0:49:38]} bxc5 {[%clk 0:35:53]} 23. dxc5
{[%clk 0:49:47]} fxe4 {[%clk 0:34:33]} 24. fxe4 {[%clk 0:44:58]} Bf4+
{[%clk 0:34:36]} 25. Kb1 {[%clk 0:44:54]} e5 {[%clk 0:35:02]} 26. Nd6
{[%clk 0:44:08]} Qe6 {[%clk 0:34:28]} 27. Nf5 {[%clk 0:39:44]} Qxb3
{[%clk 0:33:33]} 28. Rxg7+ {[%clk 0:39:04]} Kh8 {[%clk 0:33:50]} 29. Qe2
{[%clk 0:30:49]} Qa4 {[%clk 0:29:19]} 30. Rdd7 {[%clk 0:27:01]} h6
{[%clk 0:21:06]} 31. Qg2 {[%clk 0:22:38]} Bg5 {[%clk 0:12:27]} 32. Rb7
{[%clk 0:12:31]} Rxb7 {[%clk 0:11:41]} 33. Rxb7 {[%clk 0:12:45]} Rd8
{[%clk 0:09:49]} 34. Nd6 {[%clk 0:11:58]} Qd1+ {[%clk 0:07:33]} 35. Ka2
{[%clk 0:12:04]} Rd7 {[%clk 0:07:03]} 36. Nf7+ {[%clk 0:10:09]} Kh7
{[%clk 0:06:08]} 37. Rxd7 {[%clk 0:09:54]} Nxd7 {[%clk 0:06:06]} 38. Nxg5+
{[%clk 0:07:40]} hxg5 {[%clk 0:06:35]} 39. Qxg5 {[%clk 0:07:41]} a4
{[%clk 0:06:34]} 40. Qe7+ {[%clk 0:07:03]} Kg8 {[%clk 0:05:34]} 41. Qe6+
{[%clk 0:07:04]} Kf8 {[%clk 0:05:22]} 42. Qc4 {[%clk 0:06:25]} Ke7
{[%clk 0:05:27]} 43. h4 {[%clk 0:06:26]} Qh1 {[%clk 0:04:57]} 44. Qxa4
{[%clk 0:05:38]} Nxc5 {[%clk 0:04:01]} 45. Qxc6 {[%clk 0:05:27]} Nxe4
{[%clk 0:04:11]} 46. h5 {[%clk 0:04:38]} Qh4 {[%clk 0:03:03]} 47. h6
{[%clk 0:04:19]} Nf6 {[%clk 0:02:46]} 48. Qc5+ {[%clk 0:02:47]} Kf7
{[%clk 0:02:42]} 49. Qc7+ {[%clk 0:02:56]} Kg6 {[%clk 0:01:39]} 50. Bxe5
{[%clk 0:02:10]} Kxh6 {[%clk 0:01:06]} 51. Qc6 {[%clk 0:01:56]} Qf2+
{[%clk 0:01:17]} 52. Bb2 {[%clk 0:02:13]} Kg5 {[%clk 0:01:25]} 53. a4
{[%clk 0:02:13]} Ng4 {[%clk 0:01:31]} 54. Qc4 {[%clk 0:01:42]} Qd2
{[%clk 0:00:49]} 55. Qb5+ {[%clk 0:01:44]} Kf4 {[%clk 0:00:52]} 56. a5
{[%clk 0:01:51]} Ne3 {[%clk 0:01:00]} 57. Qa4+ {[%clk 0:01:31]} Kf5
{[%clk 0:01:00]} 58. a6 {[%clk 0:01:37]} Nd1 {[%clk 0:00:47]} 59. Qa3
{[%clk 0:01:16]} Nxb2 {[%clk 0:01:00]} 60. Qxb2 {[%clk 0:01:31]} Qd5+
{[%clk 0:00:52]} 61. Qb3 {[%clk 0:01:47]} Qd2+ {[%clk 0:01:04]} 62. Kb1
{[%clk 0:01:27]} Qe1+ {[%clk 0:01:08]} 63. Kb2 {[%clk 0:01:37]} Qe5+
{[%clk 0:01:32]} 64. Kc1 {[%clk 0:01:15]} Qe1+ {[%clk 0:01:40]} 65. Qd1
{[%clk 0:01:28]} Qe3+ {[%clk 0:01:59]} 66. Kc2 {[%clk 0:01:20]} Qc5+
{[%clk 0:02:15]} 67. Kd2 {[%clk 0:01:11]} Qd6+ {[%clk 0:02:39]} 68. Ke2
{[%clk 0:01:11]} Qxa6+ {[%clk 0:03:02]} 1/2-1/2

[Event "Open C"]
[Site "Polanica-Zdroj"]
[Date "2017.08.27"]
[Round "9.5"]
[White "Mastalarz, Jozef"]
[Black "Banasik, Henryk"]
[Result "1/2-1/2"]
[BlackElo "1833"]
[WhiteElo "1737"]
[LiveChessVersion "1.4.8"]

1. d4 {[%clk 1:30:59]} c5 {[%clk 1:23:01]} 2. Nf3 {[%clk 1:28:08]} cxd4
{[%clk 1:21:21]} 3. Nxd4 {[%clk 1:28:35]} e5 {[%clk 1:10:38]} 4. Nf3
{[%clk 1:28:16]} Nc6 {[%clk 1:08:16]} 5. e4 {[%clk 1:24:26]} Nf6 {[%clk 1:06:34]}
6. Bg5 {[%clk 1:24:22]} Bc5 {[%clk 0:46:33]} 7. Bxf6 {[%clk 1:17:48]} Qxf6
{[%clk 0:46:20]} 8. Nc3 {[%clk 1:17:46]} Bb4 {[%clk 0:45:04]} 9. Qd3
{[%clk 1:14:26]} d6 {[%clk 0:37:47]} 10. a3 {[%clk 1:12:21]} Bxc3+
{[%clk 0:37:38]} 11. Qxc3 {[%clk 1:11:44]} O-O {[%clk 0:37:27]} 12. Be2
{[%clk 1:08:37]} Bg4 {[%clk 0:30:52]} 13. O-O {[%clk 1:03:06]} Rac8
{[%clk 0:30:07]} 14. Qd3 {[%clk 1:03:11]} Rfd8 {[%clk 0:28:08]} 15. c3
{[%clk 1:02:07]} Ne7 {[%clk 0:22:17]} 16. Qe3 {[%clk 0:59:48]} b6
{[%clk 0:16:45]} 17. h3 {[%clk 0:54:14]} Be6 {[%clk 0:12:20]} 18. Kh2
{[%clk 0:49:54]} Nc6 {[%clk 0:09:32]} 19. Nd2 {[%clk 0:39:11]} Qf4+
{[%clk 0:09:12]} 20. Qxf4 {[%clk 0:38:45]} exf4 {[%clk 0:09:40]} 21. Rad1
{[%clk 0:35:10]} f5 {[%clk 0:05:04]} 22. Bc4 {[%clk 0:32:01]} d5 {[%clk 0:02:56]}
23. exd5 {[%clk 0:28:54]} Bxd5 {[%clk 0:03:21]} 24. Rfe1 {[%clk 0:26:26]} Rc7
{[%clk 0:02:21]} 25. Bxd5+ {[%clk 0:24:23]} Rxd5 {[%clk 0:02:49]} 26. Nf3
{[%clk 0:24:41]} Rxd1 {[%clk 0:01:11]} 27. Rxd1 {[%clk 0:25:07]} h6
{[%clk 0:00:50]} 28. h4 {[%clk 0:20:11]} Ne7 {[%clk 0:00:33]} 29. Rd4
{[%clk 0:19:53]} g6 {[%clk 0:00:32]} 30. Rxf4 {[%clk 0:19:34]} Nd5
{[%clk 0:00:56]} 31. Rd4 {[%clk 0:19:40]} Nf6 {[%clk 0:01:23]} 32. Kg1
{[%clk 0:17:53]} Re7 {[%clk 0:01:37]} 33. Kf1 {[%clk 0:18:03]} Kf7
{[%clk 0:01:19]} 34. Ra4 {[%clk 0:15:30]} Ne4 {[%clk 0:00:55]} 35. Rd4
{[%clk 0:12:58]} Kf6 {[%clk 0:01:13]} 36. Nd2 {[%clk 0:12:53]} Nxd2+
{[%clk 0:00:43]} 37. Rxd2 {[%clk 0:13:20]} g5 {[%clk 0:00:40]} 38. Rd6+
{[%clk 0:13:19]} Kg7 {[%clk 0:00:41]} 39. hxg5 {[%clk 0:13:32]} hxg5
{[%clk 0:01:07]} 40. f3 {[%clk 0:13:23]} Kf7 {[%clk 0:00:49]} 41. Kf2
{[%clk 0:13:43]} f4 {[%clk 0:00:38]} 42. g3 {[%clk 0:11:54]} Kg7 {[%clk 0:00:58]}
43. gxf4 {[%clk 0:12:03]} gxf4 {[%clk 0:01:26]} 44. Rd4 {[%clk 0:11:54]} Rf7
{[%clk 0:01:43]} 45. c4 {[%clk 0:12:04]} Kg6 {[%clk 0:01:53]} 46. b4
{[%clk 0:12:15]} Kf5 {[%clk 0:01:28]} 47. c5 {[%clk 0:10:38]} bxc5
{[%clk 0:01:43]} 48. Rd5+ {[%clk 0:08:35]} Ke6 {[%clk 0:02:03]} 49. Rxc5
{[%clk 0:09:03]} Rh7 {[%clk 0:01:30]} 50. Rc4 {[%clk 0:06:49]} Kf5
{[%clk 0:01:46]} 51. a4 {[%clk 0:05:23]} Rh2+ {[%clk 0:01:42]} 52. Ke1
{[%clk 0:05:06]} Kg5 {[%clk 0:00:32]} 53. Rd4 {[%clk 0:04:54]} Ra2
{[%clk 0:00:38]} 54. b5 {[%clk 0:04:59]} Ra3 {[%clk 0:00:54]} 55. Kf2
{[%clk 0:04:53]} 1/2-1/2

[Event "Open C"]
[Site "Polanica-Zdroj"]
[Date "2017.08.27"]
[Round "9.6"]
[White "Slabek, Grzegorz"]
[Black "Twardowski, Hubert"]
[Result "0-1"]
[BlackElo "1608"]
[WhiteElo "2000"]
[LiveChessVersion "1.4.8"]

1. Nf3 {[%clk 1:30:51]} d5 {[%clk 1:29:46]} 2. d4 {[%clk 1:31:12]} c6
{[%clk 1:29:39]} 3. e3 {[%clk 1:30:49]} Nf6 {[%clk 1:26:43]} 4. Be2
{[%clk 1:31:12]} Bf5 {[%clk 1:24:23]} 5. O-O {[%clk 1:31:31]} e6 {[%clk 1:24:15]}
6. c4 {[%clk 1:31:56]} Nbd7 {[%clk 1:23:26]} 7. Nc3 {[%clk 1:32:10]} Be7
{[%clk 1:21:28]} 8. Qb3 {[%clk 1:32:23]} Qb6 {[%clk 1:14:48]} 9. c5
{[%clk 1:31:59]} Qxb3 {[%clk 1:14:30]} 10. axb3 {[%clk 1:32:24]} O-O
{[%clk 1:14:13]} 11. b4 {[%clk 1:32:42]} a6 {[%clk 1:14:16]} 12. b3
{[%clk 1:31:19]} Bc2 {[%clk 1:08:26]} 13. Nd2 {[%clk 1:31:23]} e5
{[%clk 0:58:27]} 14. Ra2 {[%clk 1:28:10]} Bf5 {[%clk 0:54:33]} 15. f3
{[%clk 1:22:23]} h5 {[%clk 0:47:42]} 16. Re1 {[%clk 1:22:11]} Rfe8
{[%clk 0:40:51]} 17. Kf2 {[%clk 1:20:30]} Rab8 {[%clk 0:35:48]} 18. Bb2
{[%clk 1:16:57]} Bd8 {[%clk 0:33:31]} 19. Na4 {[%clk 1:16:24]} e4
{[%clk 0:26:04]} 20. fxe4 {[%clk 1:14:17]} Bxe4 {[%clk 0:25:36]} 21. Nc3
{[%clk 1:13:17]} Bg6 {[%clk 0:24:59]} 22. h3 {[%clk 1:12:15]} Bc7
{[%clk 0:23:43]} 23. Bf3 {[%clk 1:12:04]} h4 {[%clk 0:22:07]} 24. Nf1
{[%clk 1:09:00]} Bc2 {[%clk 0:20:33]} 25. Ra3 {[%clk 1:09:07]} Ne4+
{[%clk 0:19:32]} 26. Nxe4 {[%clk 1:08:40]} Bxe4 {[%clk 0:19:56]} 27. Bc1
{[%clk 1:08:05]} Nf6 {[%clk 0:19:49]} 28. Bd2 {[%clk 1:08:26]} Bd3
{[%clk 0:18:15]} 29. Ra2 {[%clk 1:06:35]} Ne4+ {[%clk 0:18:01]} 30. Kg1
{[%clk 1:06:29]} Ng3 {[%clk 0:15:39]} 31. Nh2 {[%clk 1:05:40]} f6
{[%clk 0:11:01]} 32. Ng4 {[%clk 1:03:53]} Re7 {[%clk 0:10:51]} 33. Nf2
{[%clk 1:03:44]} Bg6 {[%clk 0:10:25]} 34. b5 {[%clk 1:02:38]} axb5
{[%clk 0:10:39]} 35. Ra7 {[%clk 1:03:03]} Bc2 {[%clk 0:09:07]} 36. b4
{[%clk 1:03:22]} f5 {[%clk 0:08:20]} 37. Rea1 {[%clk 1:03:25]} Ree8
{[%clk 0:08:10]} 38. R1a2 {[%clk 1:03:26]} Bb3 {[%clk 0:07:23]} 39. R2a3
{[%clk 1:03:48]} Ba4 {[%clk 0:07:45]} 40. Rc3 {[%clk 1:01:53]} Re7
{[%clk 0:05:56]} 41. Nd3 {[%clk 0:59:53]} Ne4 {[%clk 0:05:20]} 42. Bxe4
{[%clk 1:00:17]} fxe4 {[%clk 0:05:04]} 43. Nb2 {[%clk 1:00:24]} Bg3
{[%clk 0:04:21]} 44. Nxa4 {[%clk 1:00:49]} bxa4 {[%clk 0:04:45]} 45. Rc1
{[%clk 1:00:52]} Rf7 {[%clk 0:05:03]} 46. Be1 {[%clk 1:00:37]} Rbf8
{[%clk 0:04:29]} 47. Bxg3 {[%clk 1:01:02]} hxg3 {[%clk 0:04:55]} 48. Rxa4
{[%clk 1:00:58]} Rf2 {[%clk 0:05:04]} 49. Raa1 {[%clk 1:00:47]} Re2
{[%clk 0:02:52]} 50. Re1 {[%clk 1:01:04]} Rff2 {[%clk 0:02:55]} 51. Rxe2
{[%clk 1:01:30]} Rxe2 {[%clk 0:03:21]} 52. Kf1 {[%clk 1:01:53]} Rxe3
{[%clk 0:03:38]} 53. Ra8+ {[%clk 1:01:51]} Kh7 {[%clk 0:03:22]} 54. Ra7
{[%clk 1:01:58]} Rd3 {[%clk 0:03:43]} 55. Rxb7 {[%clk 1:02:21]} Rxd4
{[%clk 0:04:12]} 56. Ke2 {[%clk 1:02:29]} Rc4 {[%clk 0:04:23]} 57. Rb6
{[%clk 1:01:48]} Rc2+ {[%clk 0:04:18]} 58. Ke3 {[%clk 1:02:01]} Rxg2
{[%clk 0:04:39]} 59. Rxc6 {[%clk 1:02:26]} Ra2 {[%clk 0:03:37]} 0-1